Truyện cổ một số dân tộc thiểu số

Giới thiệu các truyện cổ dân gian của một số dân tộc thiểu số ở A Lưới (Thừa Thiên-Huế), người Chăm ở núi Hòn Ông (Bình Định), người Cơ Ho (Lâm Đồng), người Sán Chay ở phía Bắc và người Tày Nùng (Lạng Sơn)

Na minha lista:
Detalhes bibliográficos
Outros Autores: Rahchơlan Măng Téo, Trần Nguyễn Khánh Phong, Lâm Quý, Mã Thế Vinh, Lê Hồng Phong
Formato: Livro
Idioma:Vietnamese
Publicado em: H. Văn hoá dân tộc 2012
Assuntos:
Tags: Adicionar Tag
Sem tags, seja o primeiro a adicionar uma tag!
Thư viện lưu trữ: Mạng thư viện Đại học Đà Nẵng
LEADER 01691aam a22004098a 4500
001 000018106
003 14533
005 20130906160903.0
008 130906s2012 viesd
020 |d 2000b 
041 0 |a vie 
082 1 4 |2 14  |a 398.209597  |b Tru 
245 0 0 |a Truyện cổ một số dân tộc thiểu số  |c Trần Nguyễn Khánh Phong, Rahchơlan Măng Téo, Lâm Quý... 
260 |a H.  |b Văn hoá dân tộc  |c 2012 
300 |a 615 tr.  |c 21 cm. 
500 |a ĐTTS ghi: Hội Văn nghệ dân gian Việt Nam 
520 |a Giới thiệu các truyện cổ dân gian của một số dân tộc thiểu số ở A Lưới (Thừa Thiên-Huế), người Chăm ở núi Hòn Ông (Bình Định), người Cơ Ho (Lâm Đồng), người Sán Chay ở phía Bắc và người Tày Nùng (Lạng Sơn) 
650 0 4 |2 Bộ TK TVQG  |a Truyện cổ dân gian  |x Dân tộc thiểu số  |z Việt Nam 
650 7 |2 Bộ TK TVQG 
651 7 |2 Bộ TK TVQG  |a Việt Nam 
653 |a Truyện cổ 
655 7 |2 Bộ TK TVQG  |a Truyện cổ 
700 1 |a Rahchơlan Măng Téo 
700 1 |a Trần Nguyễn Khánh Phong 
700 1 |a Lâm Quý 
700 1 |a Mã Thế Vinh 
700 1 |a Lê Hồng Phong 
OWN |a LSP 
AVA |a UDN50  |b LSP  |d 398.209597 Tru  |e available  |t Error 5001 Not defined in file expand_doc_bib_avail.  |f 1  |g 0  |h N  |i 0  |k 1 
999 |a From the UDN01 
AVA |a UDN50  |b LSP  |d 398.209597 Tru  |e available  |t Error 5001 Not defined in file expand_doc_bib_avail.  |f 1  |g 0  |h N  |i 0  |k 1 
TYP |a Monograph 
TYP |a Printed language 
980 |a Mạng thư viện Đại học Đà Nẵng